แสดงรายละเอียดบรรณานุกรม
  กลับหน้าหลัก

Brief Record : Get Marc (ISO 2709) : E-mail record : QR code ปิดหน้าต่าง
LEADER 00000nama 2200000uu 4500
001    204528
003     ULIBM
008    040531s|||| th m m a000 0 tha d
041    tha
050    วจ WY18.8 อ111ก 2553
100    อติญาณ์ ศรเกษตริน.
245    การปฏิบัติงานตามบทบาทของพยาบาลวิชาชีพในหน่วยงานบริการปฐมภูมิ/อติญาณ์ ศรเกษตริน,อรวรรณ สัมภวมานะ และกาญจนา สุวรรณรัตน์.
260    สุราษฎร์ธานี. วิทยาลัยพยาบาลบรมราชชนนี สุราษฎร์ธานี. 2553.
300    80 แผ่น.
600    1.อรวรรณ สัมภวมานะ 2.กาญจนา สุวรรณรัตน์.
650    1.ยริการปบมภูมิ--พยาบาล 2.บทบาท--พยาบาล 3.วิจัย.
995    400
รายการนี้ยังไม่มีแท็ก
คุณยังไม่ได้ล็อกอิน คุณสามารถมีกิจกรรมร่วมกับเว็บไซต์ได้ แต่ต้องล็อกอินก่อน ::
  ล็อกอิน
ลำดับที่ ประเภท เลขเรียก สถานที่ สถานะ
1. หนังสือทั่วไป
หนังสือทั่วไป
วจ WY18.8 อ111ก 2553  
  
หนังสือทั่วไป On Shelf
  ขอยืม
   [แสดง 1/1 รายการ]

BibComment


ยังไม่เคยถูกคอมเมนท์

คอมเมนท์ทรัพยากรรายการนี้
  คอมเมนท์: การปฏิบัติงานตามบ..
Bib 204528

 
 
 

 Union Library Management : ULibM
Copyright 2026. All Rights Reserved.
скачать бесплатно без регистрации порно красивый секс HD Sex Hindi sex

xxx gou

xxxx

bfxxx

xxxwww

Секса Видео

xxxx

Секса Видео

detube

geilexxx

C99 Shell

worms shell

blod xxx video
Ebony Coed Rihanna Rimes Takes A Dick In Her Young Twat priyaa indian fuck anal and pusssy hardcore indian women xxx desi hardcore fucking part 1 bengalixxxcouple